Opyt privatizacii v novych federal'nych zemljach Germanii.
Vytvorenie poručenskej rady pre správu východonemeckej ekonomiky. Možné formy správy podnikov v bývalej NDR a privatizácia ako hlavná forma riešenia. Základné kritériá predaja podnikov (počet pracovných miest, modernizácia, rozvoj regiónu). Súčasti koncepcie rozvoja kupovaného podniku a základná dok...
Salvato in:
| Autore principale: | |
|---|---|
| Natura: | Capitolo di libro |
| Lingua: | russo |
| Soggetti: | |
| Tags: |
Nessun Tag, puoi essere il primo ad aggiungerne!!
|
MARC
| LEADER | 00000naa a2200000 4500 | ||
|---|---|---|---|
| 001 | r011000 | ||
| 005 | 20221208123313.7 | ||
| 041 | 0 | |a rus | |
| 044 | |a [SU] | ||
| 245 | 1 | 0 | |a Opyt privatizacii v novych federal'nych zemljach Germanii. |c O. Jurygin |
| 520 | |a Vytvorenie poručenskej rady pre správu východonemeckej ekonomiky. Možné formy správy podnikov v bývalej NDR a privatizácia ako hlavná forma riešenia. Základné kritériá predaja podnikov (počet pracovných miest, modernizácia, rozvoj regiónu). Súčasti koncepcie rozvoja kupovaného podniku a základná dokumentácia k prevodu vlastníctva. Princípy rozdelenia rizika pri kúpe podniku. Možnosť kúpenia podniku jeho pracovníkmi. | ||
| 610 | 2 | 0 | |a privatizácia |
| 610 | 2 | 0 | |a podnik štátny |
| 610 | 2 | 0 | |a východné Nemecko |
| 610 | 2 | 0 | |a predaj |
| 610 | 2 | 0 | |a kúpa |
| 610 | 2 | 0 | |a riziko |
| 610 | 2 | 0 | |a modernizácia |
| 610 | 2 | 0 | |a miesta pracovné |
| 610 | 2 | 0 | |a rozvoj regionálny |
| 610 | 2 | 0 | |a zamestnanci |
| 100 | 1 | |a Jurygin, O. | |